000 00682nam a2200217 a 4500
001 000021442
005 20200930011329.0
008 100907s1988 cu r 000 f spa d
040 _aDO-SdBNP
_bspa
_cBNPHU
082 _aCu863.44
_bF363d
100 1 _aFernández, Alfredo Antonio
_d1945-
_923386
245 1 0 _aDel otro lado del recuerdo /
_cAlfredo Antonio Fernández ; edición José Tajes.
260 _aLa Habana, Cuba :
_bLetras Cubanas,
_c1988.
300 _a159 p. ;
_c18 cm.
490 1 _aGiraldilla
650 4 _aNovela cubana
_92316
650 4 _aLiteratura cubana
_ySIGLO XX
_99186
700 1 _aTajes, José
_eed.
_923533
830 0 _aGiraldilla
_98904
049 _aBNGR
999 _c20942
_d20942